[Event "Martinique-ch op-A 31th"]
[Site "Madiana"]
[Date "2015.05.10"]
[Round "7"]
[White "Gautier, Jean Luc"]
[Black "Grossmann, Brunelle"]
[Result "1/2-1/2"]
[WhiteElo "1439"]
[BlackElo "1478"]
[PlyCount "102"]
[EventDate "2015.05.10"]
[EventType "swiss"]
[EventRounds "7"]
[EventCountry "FRA"]
[SourceTitle "EXT 2016"]
[Source "ChessBase"]
[SourceDate "2015.10.08"]
[SourceVersion "1"]
[SourceVersionDate "2015.10.08"]
[SourceQuality "1"]

1. e4 c5 2. Nf3 Nc6 3. d4 cxd4 4. Nxd4 e6 5. c4 Nf6 6. Nc3 Bb4 7. Ndb5 0-0 8. a3 Be7 9. Nd6 Ne8 10. c5 b6 11. b4 a5 12. b5 Na7 13. Be3 bxc5 14. Bxc5 Qc7 15. Nxe8 Rxe8 16. Bd4 Qb8 17. Qg4 e5 18. Be3 d5 19. Qg3 d4 20. Bh6 g6 21. Nd5 Qd6 22. Bd3 Bb7 23. Nxe7+ Qxe7 24. 0-0 Nc8 25. Rfc1 Nd6 26. f3 Rac8 27. Qe1 Ra8 28. a4 Rec8 29. Rxc8+ Bxc8 30. Bd2 Qd8 31. Rc1 Bb7 32. Rc5 f6 33. Qc1 Rc8 34. Rxc8 Nxc8 35. Qe1 Nd6 36. Qc1 Qb6 37. Qe1 Qc5 38. Bxa5 Qa3 39. Bc2 Nc4 40. Bb4 Qb2 41. Qb1 Qxb1+ 42. Bxb1 Nb6 43. Ba2+ Kg7 44. Kf1 Nxa4 45. Bd5 Bc8 46. Bb3 Nb6 47. Ba5 Nd7 48. b6 Ba6+ 49. Ke1 Nxb6 50. Bxb6 Kf8 51. f4 Ke7 1/2-1/2